Side order of written terms (Record no. 82002)

MARC details
000 -LEADER
fixed length control field 00730cab a22001935a 4500
001 - CONTROL NUMBER
control field L148918
008 - FIXED-LENGTH DATA ELEMENTS--GENERAL INFORMATION
fixed length control field 091130e20091024xxka f 000 0 eng d
035 ## - SYSTEM CONTROL NUMBER
System control number (Sirsi) u148918
041 0# - LANGUAGE CODE
Language code of text/sound track or separate title eng
100 1# - MAIN ENTRY--PERSONAL NAME
Personal name Dollar, Peta
245 00 - TITLE STATEMENT
Title Side order of written terms
260 ## - PUBLICATION, DISTRIBUTION, ETC.
Date of publication, distribution, etc. 2009
490 ## - SERIES STATEMENT
Series statement Estates Gazette
Volume/sequential designation (0942) 24 October 2009, 172-173(3)
520 ## - SUMMARY, ETC.
Summary, etc. Discusses side letters. Suggests that they are often ancillary to main documents, particularly leases. Explains that they can create problems for both senders and recipients if they are not drafted properly or if they are lost or overlooked.
590 ## - LOCAL NOTE (RLIN)
Local note KA
651 #4 - SUBJECT ADDED ENTRY--GEOGRAPHIC NAME
Geographic name England and Wales
Chronological subdivision 1543-
690 ## - LOCAL SUBJECT ADDED ENTRY--TOPICAL TERM (OCLC, RLIN)
Topical term or geographic name as entry element PROPERTY-LANDLORD AND TENANT-LEASES
942 ## - ADDED ENTRY ELEMENTS (KOHA)
Suppress in OPAC 0
Holdings
Withdrawn status Lost status Source of classification or shelving scheme Damaged status Not for loan Home library Current library Shelving location Date acquired Total Checkouts Full call number Barcode Date last seen Copy number Price effective from Koha item type
    Dewey Decimal Classification     London London Journal article 30/11/2009   L148918 148918-1001 06/08/2019 1 06/08/2019 Journal article